Obálka Náhled e-knihy:
PDF Epub
Pro půjčování e-knih musíte být přihlášeni.
Jak si půjčit online?

Sir Lewis /

Hamiltonova cesta po sedemnásobného majstra sveta a globálnu superhviezdu je nepochybne dráhou športovej legendy. Napriek tomu, že od začiatku narážal na rasové bariéry a odpor, dosiahol na trati bezkonkurenčné výkony a svoju platformu využil na obhajobu sociálnej spravodlivosti a rozmanitosti. Celú...

Celý popis

Uloženo v:
Hlavní autor: Sawyer, Michael E. (Autor)
Médium: E-kniha
Jazyk:Czech
Vydáno: Praha : Albatros Media Slovakia s.r.o., 2025
Tagy:
Žádné tagy
LEADER 01512nam a22002297i 4500
001 302675
007 ta
008 260514s2025 xr ||||| |||| 00| 0 cze d
020 |a 9788056646748 
044 |a xr 
100 1 |a  Sawyer, Michael E.  |4 aut 
245 1 0 |a Sir Lewis /  |c  Sawyer, Michael E. 
240 1 0 |a Sir Lewis 
264 1 |a Praha :  |b Albatros Media Slovakia s.r.o.,  |c 2025 
300 |a 1 online zdroj (320 stran) 
336 |a text  |b txt  |2 rdacontent 
337 |a bez média  |b n  |2 rdamedia 
338 |a online zdroj  |b cr  |2 rdacarrier 
520 2 |a Hamiltonova cesta po sedemnásobného majstra sveta a globálnu superhviezdu je nepochybne dráhou športovej legendy. Napriek tomu, že od začiatku narážal na rasové bariéry a odpor, dosiahol na trati bezkonkurenčné výkony a svoju platformu využil na obhajobu sociálnej spravodlivosti a rozmanitosti. Celú generáciu športovcov inšpiroval k tomu, aby si plnili svoje sny. Kniha Sir Lewis skúma Hamiltonov trvalý odkaz a vrcholí jeho pôsobením za volantom ikonického tímu Ferrari a honbou za ďalšími titulmi. 
910 |a RBIT002 
998 |d 426929  |a https://core.palmknihy.cz/api/books/426929/cover?tesghq  |b https://core.palmknihy.cz/api/books/426929/cover/400?tesghq  |c https://core.palmknihy.cz/api/books/426929/cover/50?tesghq  |e 2029-12-02  |g 320  |i 9788056646748  |j https://core.palmknihy.cz/api/books/426929/preview.epub  |k https://core.palmknihy.cz/api/books/426929/preview.pdf  |l   |q 49  |r 1  |s https://www.palmknihy.cz/kniha/426929  |t ebook  |y 2025  |z 1 
999 |d 302673